| 000 | 00418nam a2200169Ia 4500 | ||
|---|---|---|---|
| 008 | 230524s9999 xx 000 0 und d | ||
| 020 | _a9788120335622 | ||
| 082 |
_a657 _bNAR |
||
| 100 | _aR.Narayanaswamy | ||
| 245 | 0 | _aFinancial Accounting A Managerial Perspective | |
| 250 | _a3RD | ||
| 260 |
_aNEW DELHI _bPHI _c2008 |
||
| 300 | _aX;699 | ||
| 500 | _aQuantity Number: 2 | ||
| 650 | _aManagement | ||
| 942 | _cBK | ||
| 999 |
_c40892 _d40892 |
||